• 首页
  • 本馆介绍
  • 公告通知
  • 最新文献
  • 馆藏检索
  • 电子资源
  • 读者导购
  • 参考咨询
  • 我的图书馆
  • 登录
  • 详细信息显示
  • 放入我的书架
  • 预约/预借图书
  • 作者相关作品
  • 分类相关作品
  • 丛书相关作品
  • 出版社相关作品

书目信息

  • 表格格式
  • 工作单格式
  • 卡片格式
题名:
366天
    
 
作者: 胡建中 编
分册:  
出版信息: 北京   中国少年儿童出版社  1982
页数: 451页
开本: 19cm
丛书名:
单 册:
中图分类: Z228 , G423-49
科图分类:
主题词: 科学知识--普及读物
电子资源:
ISBN:
000 00769nam0 2200277 45
001 0182004253
005 20040425082034.9
010    @dCNY1.05
091    @aR7056.69
100    @a19950103d1982 em y0chiy0121 ea
101 0  @achi
102    @aCN@b110000
105    @af z 000yy
106    @ar
200 10 @a366天@A366 tian@e日历上的百科知识@f胡建中编
210    @a北京@c中国少年儿童出版社@d1982
215    @a451页@c插图@d19cm
300    @a书籍题名:三百六十六天
517 1  @a日历上的百科知识@Ari li shang de bai ke zhi shi
606    @a科学知识@x普及读物
690    @aZ228@v3
690    @aG423-49
701  0 @a胡建中@Ahu jian zhong@4编
801  0 @aCN@b上海图书馆@c20040425
801  2 @aCN@bNLC@c20040425
905    @f2@b64787-788@f1@b64785@dG423-49@e2
    
    366天:日历上的百科知识/胡建中编.-北京:中国少年儿童出版社,1982
    451页:插图;19cm
    书籍题名:三百六十六天
    
    ISBN :CNY1.05
    
●
相关链接 在E读中查询图书 在五车中查询图书 在当当中查询图书 在豆瓣中查询图书


正题名:366天     索取号:G423-49/2         预约/预借

序号 登录号 条形码 馆藏地/架位号 状态 备注
1 0064785   000882192   密集书库/ [索取号:G423-49/2] 在馆    
2 0064787   000782059   密集书库/ [索取号:G423-49/2] 在馆    
3 0064788   000882138   密集书库/ [索取号:G423-49/2] 在馆    
4 0064789   000882209   第一样本阅览室/ [索取号:G423-49/2] 在馆    
唐山师范学院图书馆 欢迎您!
大连网信软件有限公司© 版权所有